000 00317nam a2200133Ia 4500
008 191206s9999 xx 000 0 und d
020 _a862329728
090 _aLC72A42
245 0 _aAcademic Freedom 1990
260 _aWUS
260 _ccc1990-c1996
300 _a4 v. ; 23 cm.
999 _c15391
_d15391